000 00891nam a2200253Ia 4500
003 OSt
005 20220923215237.0
006 a|||||r|||| 00| 0
007 ta
008 220922b |||||||| |||| 00| 0 hin d
024 _a176,889
037 _cTextual
040 _aARTS
_cARTS
_bhin
041 _2hin
_ahin
082 _aO152,1(Q223):g, L8
100 _aमहावीर प्रसाद
245 0 _aहिन्दी कृष्ण काव्य में मुरली प्रसंग
246 _aHindī kṛuṣhṇa kāvya mean muralī prasanga
260 _aपटना
_b बिहार ग्रंथ कुटीर
_c1978
300 _a164 पृ.
_ccm.
650 _aहिन्दी साहित्य
_9156264
942 _hO152,1(Q223):g, L8
_cTEXL
_2CC
999 _c330384
_d330384